The Astrophysics of cosmic rays (Record no. 3735)
[ view plain ]
| 000 -LEADER | |
|---|---|
| fixed length control field | 00687nam a2200205Ia 4500 |
| 003 - CONTROL NUMBER IDENTIFIER | |
| control field | IN-BaIIA |
| 008 - FIXED-LENGTH DATA ELEMENTS--GENERAL INFORMATION | |
| fixed length control field | 211028s9999 xx 000 0 eng d |
| 040 ## - CATALOGING SOURCE | |
| Transcribing agency | IIA Library |
| 080 ## - UNIVERSAL DECIMAL CLASSIFICATION NUMBER | |
| Universal Decimal Classification number | 524.1 |
| Item number | GIN |
| 245 #4 - TITLE STATEMENT | |
| Title | The Astrophysics of cosmic rays |
| Statement of responsibility, etc. | edited by V. L. Ginzburg; translated from the Russian by L. J. Reinders |
| 250 ## - EDITION STATEMENT | |
| Edition statement | 2nd rev. & suppl. ed. |
| 260 ## - PUBLICATION, DISTRIBUTION, ETC. | |
| Place of publication, distribution, etc. | Jerusalem |
| Name of publisher, distributor, etc. | Israel Program for Scientific Translations |
| Date of publication, distribution, etc. | 1969 |
| 300 ## - PHYSICAL DESCRIPTION | |
| Extent | viii, 60p. |
| 500 ## - GENERAL NOTE | |
| General note | Translation of: Astrofizika kosmicheskikh lucheĭ |
| 650 ## - SUBJECT ADDED ENTRY--TOPICAL TERM | |
| Topical term or geographic name entry element | Cosmic rays |
| 650 ## - SUBJECT ADDED ENTRY--TOPICAL TERM | |
| Topical term or geographic name entry element | Nuclear astrophysics |
| 9 (RLIN) | 6628 |
| 700 ## - ADDED ENTRY--PERSONAL NAME | |
| Personal name | Ginzburg, V. L., ed. |
| 9 (RLIN) | 6629 |
| 700 ## - ADDED ENTRY--PERSONAL NAME | |
| Personal name | Reinders, L. J., tr. |
| 9 (RLIN) | 6630 |
| 942 ## - ADDED ENTRY ELEMENTS (KOHA) | |
| Koha item type | Books |
| Withdrawn status | Lost status | Damaged status | Not for loan | Home library | Current library | Shelving location | Date acquired | Cost, normal purchase price | Total Checkouts | Full call number | Barcode | Date last seen | Cost, replacement price | Price effective from | Koha item type | Purchase Price |
|---|---|---|---|---|---|---|---|---|---|---|---|---|---|---|---|---|
| IIA Library-Bangalore | IIA Library-Bangalore | General Stacks | 24/07/1971 | 40.50 | 524.1/ GIN | 4167 | 05/11/2021 | 40.50 | 24/07/1971 | Books | Rs. 40.50 |